| 000 | 00484nam a22001697a 4500 | ||
|---|---|---|---|
| 005 | 20230117113928.0 | ||
| 008 | 220226b ||||| |||| 00| 0 eng d | ||
| 020 | _a978-0-19-568213-7 | ||
| 041 | _aeng | ||
| 082 |
_a615.19 _bNOG-M |
||
| 100 |
_aNOGRADY, THOMAS AND WEAVER, DONALD F. _97249 |
||
| 245 | _aMEDICINAL CHEMISTRY:MOLECULAR AND BIOCHEMICAL APPROACH | ||
| 260 |
_aU.K. _bOXFORD UNIVERSITY PRESS _c1988 |
||
| 300 | _a649;p | ||
| 650 |
_aPHARMACY _xB.PHARMA _97083 |
||
| 942 | _cBK | ||
| 999 |
_c7989 _d7987 |
||